| 000 | 00602nam a22002057a 4500 | ||
|---|---|---|---|
| 005 | 20161011115133.0 | ||
| 008 | 150316b xxu||||| |||| 00| 0 spa d | ||
| 041 | _aspa | ||
| 082 | _a336.26 B224lo | ||
| 100 |
_aBarahona Martínez, Juan Carlos _916814 |
||
| 245 | _aLogística comercial y modernización aduanera en Centroamérica | ||
| 260 |
_aCosta Rica _bEUNED _c2006 |
||
| 300 | _a252 páginas | ||
| 650 |
_aCOSTA RICA _925909 |
||
| 650 |
_aADUANAS _910863 |
||
| 650 |
_aSISTEMA ADUANERO _916816 |
||
| 650 |
_aMODERNIZACION ADUANERA _925910 |
||
| 650 |
_aREFORMAS ADUANERAS _925911 |
||
| 942 | _cBK | ||
| 999 |
_c3957 _d3957 |
||